Η μελισσοκομία χωρίς δάσκαλαο : τα πρώτα βήματα στην μελισσοκομία επάνω σε υγιείς βάσεις : οδηγίες απλές και σαφείς για τους αρχάριους
Αποθηκεύτηκε σε:
| Κύριος συγγραφέας: | |
|---|---|
| Μορφή: | Βιβλίο |
| Γλώσσα: | Greek |
| Δημοσίευση: |
Αθήνα :
Α. Ξενίδης,
1992.
|
| Έκδοση: | 5η εκδ. βελτ. |
| Θέματα: | |
| Ετικέτες: |
Προσθήκη ετικέτας
Δεν υπάρχουν, Καταχωρήστε ετικέτα πρώτοι!
|
MARC
| LEADER | 00000cam a2200000 a 4500 | ||
|---|---|---|---|
| 001 | 1/117352 | ||
| 008 | 181011s1992####gr | ||| |||| ||gre|| | ||
| 040 | |a GR-MyUa |b gre |c GR-MyUa |e AACR2 | ||
| 041 | 0 | |a gre | |
| 082 | 7 | |a 638.1 |2 (23) | |
| 100 | 1 | |a Νικολαΐδης, Νικόλαος Ι. | |
| 245 | 1 | 2 | |a Η μελισσοκομία χωρίς δάσκαλαο : |b τα πρώτα βήματα στην μελισσοκομία επάνω σε υγιείς βάσεις : οδηγίες απλές και σαφείς για τους αρχάριους / |c Ν. Ι. Νικολαϊδη. |
| 250 | |a 5η εκδ. βελτ. | ||
| 260 | |a Αθήνα : |b Α. Ξενίδης, |c 1992. | ||
| 300 | |a 181, [11] σ. : |b εικ. ; |c 21 εκ. | ||
| 650 | 0 | |a Bee culture. | |
| 650 | 0 | |a Beekeepers. | |
| 852 | |a INST |b SAMOS |e 20181011 |h 638.1 NIK |p 005300045640 |q 005300045640 |t BK |y 0 | ||
| 970 | |a Φιλιππή |b Φάλη |z 11-10-2018 | ||